| 000 | 00483nam a22001337a 4500 | ||
|---|---|---|---|
| 040 | _cNUST | ||
| 082 | _a220 PRO | ||
| 100 |
_aAbdullah Nawaz Anas Maqsood Bazif Saleem Ghulam Jillani _9100784 |
||
| 110 |
_cProject Supervisor: Dr. Hasan Aftab Saeed Co-Supervisor Asst. Prof Yasser Riaz _9100785 |
||
| 245 | _aPR-SOF-2161-Sit to Stand Motion Assist System For Senior Citizens | ||
| 260 |
_aISLAMABAD: _bNUST COLLEGE OF EME, _c2022. |
||
| 650 |
_aDE-MECH-40 _9100340 |
||
| 942 |
_2ddc _cPR |
||
| 999 |
_c591934 _d591934 |
||